Eddy Arnold, pioneer of the Nashville sound /

Bibliographic Details
Main Author: Streissguth, Michael
Format: Book
Language:English
Published: New York : London : Schirmer Books ; Prentice Hall International, [1997]
Subjects:

MARC

Tag First Indicator Second Indicator Subfields
LEADER 00000cam a2200000 a 4500
001 in00001402548
005 20151020055426.0
008 970219s1997 nyua bk 001 0beng
010 |a  97003009  
020 |a 002864719X (alk. paper) 
035 |a (OCoLC)36458009 
035 |9 AHN4427AM 
040 |a DLC  |c DLC  |d TXA  |d UtOrBLW 
043 |a n-us--- 
049 |a TXAM 
050 0 0 |a ML420.A77  |b S77 1997 
100 1 |a Streissguth, Michael. 
245 1 0 |a Eddy Arnold, pioneer of the Nashville sound /  |c Michael Streissguth. 
264 1 |a New York :  |b Schirmer Books ;  |a London :  |b Prentice Hall International,  |c [1997] 
264 4 |c ©1997 
300 |a xi, 290 pages :  |b illustrations ;  |c 24 cm. 
336 |a text  |b txt  |2 rdacontent 
337 |a unmediated  |b n  |2 rdamedia 
338 |a volume  |b nc  |2 rdacarrier 
504 |a Includes bibliographical references (pages 273-282), discography (pages 221-271), and index. 
600 1 0 |a Arnold, Eddy. 
650 0 |a Country musicians  |z United States  |v Biography. 
948 |a c:jal 
999 |a MARS 
999 f f |s 85fdde1a-0b73-3606-a7be-55dec7fd3fb8  |i 6e284005-bf4b-35ea-b632-3563dfd50e96  |t 0 
952 f f |p ric  |a Texas A&M University  |b Rellis Campus  |c Joint Library Facility  |d Remote Storage  |t 0  |e ML420.A77 S77 1997  |h Library of Congress classification  |i unmediated -- volume  |m A14822449316 
998 f f |a ML420.A77 S77 1997  |t 0  |l Remote Storage